000
00290nam a2200109Ia 4500
008
130320s9999 xx 000 0 und d
100
_a
Kavitha Thomas
245
_a
Integration and reporting tool
502
_b
MS IT
_c
2006-2008
_f
Ankur Dang (GE)
_g
GE, Bangalore
650
_a
JDBC
650
_a
GE
999
_c
2804
_d
2804